35 - 山口県の自治体(Text) - Statistics

General Stats
  • This quiz has been taken 57 times
    12 since last reset
  • The average score is 16 of 19
Answers on the Map
Answers color-coded by a green-red scale on the quiz's map according to % correct below.
 
Answer Stats
市町村 % Correct
岩国いわくに
100%
宇部うべ
100%
山陽小野田さんようおのだ
100%
下関しものせき
100%
はぎ
100%
ひかり
100%
山口やまぐち
100%
周南しゅうなん
91%
長門ながと
91%
防府ほうふ
91%
下松くだまつ
82%
大島おおしまぐん 周防大島すおうおおしまちょう
82%
美祢みね
82%
柳井やない
82%
阿武あぶぐん 阿武あぶちょう
73%
熊毛くまげぐん 上関かみのせきちょう
73%
玖珂くがぐん 和木わきちょう
64%
熊毛くまげぐん 田布施たぶせちょう
45%
熊毛くまげぐん 平生ひらおちょう
45%
No matching quizzes found
Score Distribution
Percent of People with Each Score
Percentile by Number Answered
Your Score History
You have not taken this quiz since the last reset